| 000 | 01001cab a2200277 4500 | ||
|---|---|---|---|
| 001 | WB2915-62 | ||
| 008 | 090401t1993 xxu||||| |||| 00| 0 eng d | ||
| 035 | _a(Sirsi) u6227 | ||
| 041 | _aeng | ||
| 245 | _aWhen indemnity insurance cover runs out | ||
| 260 | _c1993 | ||
| 350 | _a0 | ||
| 490 |
_aCSW - The Property Week _v43(3) 15 April 1993, 5(1) |
||
| 520 | _aLenders reacted differently to news that a firm`s pi insurance was about to run out. One lender issued notifications against the firm`s valuations, while another felt this unnecessary as cover was in place at the time of the valuations. | ||
| 650 | _aANDREW TAYLOR AND CO | ||
| 650 | _aABOUT RICS-RICS MEMBERS | ||
| 650 |
_aInsolvency _96247 |
||
| 650 | _aMORTGAGE LENDERS | ||
| 650 | _aPROFESSIONAL INDEMNITY INSURANCE | ||
| 650 |
_aRESIDENTIAL PROPERTY _96266 |
||
| 650 | _aVALUATIONS | ||
| 690 |
_aINSURANCE _96249 |
||
| 690 | _aMANAGEMENT-BUSINESS MANAGEMENT-PROFESSIONAL PRACTICE | ||
| 942 | _n0 | ||
| 948 | _c04/03/1997 | ||
| 999 |
_c3742 _d3742 |
||